[Event "Nordic Chess-ch 2019"]
[Site "Sarpsborg"]
[Date "2019.06.27"]
[Round "9.12"]
[White "Sahl, Sheila Barth"]
[Black "Vestby-Ellingsen, Mads"]
[Result "1-0"]
[WhiteElo "2127"]
[BlackElo "2345"]
[Annotator "NA"]
[PlyCount "139"]
[EventDate "2019.06.21"]
[EventType "swiss"]
[EventCountry "NOR"]
[SourceTitle "playchess.com"]
[Source "ChessBase"]
[SourceQuality "1"]
[TimeControl "40/5400+30:1800+30"]

1. d4 {[%emt 0:00:00]} Nf6 {[%emt 0:00:02]} 2. Bf4 {[%emt 0:00:00]} d5 {[%emt 0:00:34]} 3. Nf3 {[%emt 0:00:18]} c5 {[%emt 0:00:19]} 4. e3 {[%emt 0:00:08]} Nc6 {[%emt 0:00:15]} 5. Nbd2 {[%emt 0:00:16]} (5. Be2 cxd4 6. exd4 Bg4 7. c3 e6 8. Nbd2 Bd6 9. Ne5 Bxe2 10. Qxe2 O-O 11. O-O Qc7 12. Rfe1 Nd7 13. Nxd7 Qxd7 14. Bxd6 Qxd6 15. Nb3 Rab8 {½-½ (36) Carlsen,M (2861)-Ding,L (2805) Abidjan 2019}) 5... cxd4 {[%emt 0:04:23]} 6. exd4 {[%emt 0:00:08] D02: 1 d4 d5 2 Nf3 sidelines, including 2...Nf6 3 g3 and 2...Nf6 3 Bf4} Qb6 {[%emt 0:01:00]} 7. Nb3 {[%emt 0:01:10]} Bg4 {[%emt 0:00:44]} 8. Be2 $146 {[%emt 0:00:52]} ({Predecessor:} 8. c3 e6 9. Be2 Be7 10. h3 Bh5 11. O-O O-O 12. a4 {½-½ (71) Sarana,A (2562)-Izoria,Z (2599) chess.com INT 2018}) 8... e6 {[%emt 0:00:28]} 9. O-O {[%emt 0:01:15]} Be7 {[%emt 0:02:46]} 10. a4 {[%emt 0:01:28]} a6 {[%emt 0:12:18]} 11. h3 {[%emt 0:04:59]} Bh5 {[%emt 0:01:19]} 12. c3 {[%emt 0:04:44]} O-O {[%emt 0:02:58]} 13. Re1 {[%emt 0:04:55]} Rac8 {[%emt 0:02:52]} 14. Ne5 {[%emt 0:10:45]} Bxe2 {[%emt 0:01:25]} 15. Rxe2 {[%emt 0:01:32]} Qd8 {[%emt 0:05:02]} 16. Nc1 {[%emt 0:02:50]} Nxe5 {[%emt 0:06:17]} 17. Bxe5 {[%emt 0:00:48]} Nd7 {[%emt 0:03:11]} 18. Bf4 {[%emt 0:01:54]} Nb6 {[%emt 0:06:03]} 19. Nd3 {[%emt 0:12:35]} Nc4 {[%emt 0:01:18]} 20. b3 {[%emt 0:01:21]} Nd6 {[%emt 0:01:15]} 21. Rc2 {[%emt 0:07:47]} Ne4 {[%emt 0:06:00]} 22. f3 {[%emt 0:04:02]} Nf6 {[%emt 0:07:49]} 23. a5 {[%emt 0:01:41]} Nh5 {[%emt 0:07:27]} 24. Be5 {[%emt 0:01:49]} Bd6 {[%emt 0:01:02]} 25. b4 {[%emt 0:06:02]} f6 {[%emt 0:04:03]} 26. Bxd6 {[%emt 0:01:48]} Qxd6 {[%emt 0:00:10]} 27. Qe1 {[%emt 0:02:28]} Rfe8 {[%emt 0:02:54]} 28. Re2 {[%emt 0:09:39]} Ng3 {[%emt 0:05:32]} 29. Re3 {[%emt 0:01:35]} Nf5 {[%emt 0:00:09]} 30. Re2 {[%emt 0:00:05]} Ng3 {[%emt 0:00:42]} 31. Re3 {[%emt 0:00:24]} Nf5 {[%emt 0:00:10]} 32. Re2 {[%emt 0:00:07]} Rc7 {[%emt 0:00:41]} 33. Rd1 {[%emt 0:06:00]} Rce7 {[%emt 0:01:31]} 34. f4 {[%emt 0:08:11]} Nh6 {[%emt 0:00:56]} 35. Qg3 {[%emt 0:00:45]} b6 {[%emt 0:11:01]} 36. axb6 {[%emt 0:00:38]} Qxb6 {[%emt 0:00:07] [#]} 37. Ra1 $1 {[%emt 0:01:37]} Nf5 {[%emt 0:01:04] [#]} 38. Qf2 $1 {[%emt 0:00:31]} Ra8 {[%emt 0:00:08]} (38... Qb5 $16 39. Nc5 Qc4) 39. Rea2 {[%emt 0:01:17]} Rea7 {[%emt 0:00:27]} 40. Nc5 {[%emt 0:00:55]} Kh8 {[%emt 0:03:06]} 41. Qe2 {[%emt 0:30:31]} Qc7 $2 {[%emt 0:11:42]} (41... h6 42. Qe1 (42. Qxe6 Qxe6 43. Nxe6 Nd6 $16) (42. Rxa6 Rxa6 43. Rxa6 Rxa6 $16) (42. Nxe6 Re8 $15) 42... a5) 42. Rxa6 {[%emt 0:00:00]} Rxa6 {[%emt 0:02:28]} 43. Rxa6 {[%emt 0:00:00]} Rxa6 $18 {[%emt 0:00:21]} 44. Qxa6 {[%emt 0:00:00]} h6 {[%emt 0:01:05]} 45. Qxe6 {[%emt 0:00:00]} Qxf4 {[%emt 0:00:41]} 46. Nd3 {[%emt 0:00:00]} Qg5 {[%emt 0:00:44]} 47. b5 {[%emt 0:00:00]} Ne3 {[%emt 0:11:41]} 48. g4 {[%emt 0:00:00]} f5 {[%emt 0:00:08]} 49. Qe8+ {[%emt 0:00:16]} Kh7 {[%emt 0:00:05]} 50. Qe5 {[%emt 0:04:54]} Kh8 {[%emt 0:01:42]} 51. Nf4 {[%emt 0:00:00]} Nc4 {[%emt 0:01:53]} 52. Qxf5 {[%emt 0:00:00]} Qd8 {[%emt 0:00:06]} 53. Ng6+ {[%emt 0:00:00]} Kh7 {[%emt 0:00:07]} 54. Ne5+ {[%emt 0:00:25]} Kg8 {[%emt 0:00:07]} 55. Nxc4 {[%emt 0:00:57]} dxc4 {[%emt 0:00:07]} 56. Qe6+ {[%emt 0:00:09]} Kh8 {[%emt 0:00:30]} 57. Qxc4 {[%emt 0:00:11]} Qa8 {[%emt 0:00:38]} 58. Qd3 {[%emt 0:00:18]} Qa1+ {[%emt 0:00:46]} 59. Kg2 {[%emt 0:00:20]} Qb2+ {[%emt 0:00:11]} 60. Kg3 {[%emt 0:00:09]} Qc1 {[%emt 0:00:11]} 61. Kf3 {[%emt 0:02:20]} Qh1+ {[%emt 0:00:10]} 62. Ke2 {[%emt 0:00:16]} Qg2+ {[%emt 0:02:01]} 63. Kd1 {[%emt 0:00:06]} Qg1+ {[%emt 0:00:07]} 64. Kc2 {[%emt 0:00:15]} Qf2+ {[%emt 0:00:12]} 65. Kb3 {[%emt 0:00:13]} Qf7+ {[%emt 0:00:11]} 66. c4 {[%emt 0:00:17]} h5 {[%emt 0:00:17]} 67. gxh5 {[%emt 0:00:23]} g6 {[%emt 0:00:08]} 68. hxg6 {[%emt 0:00:41]} Qd7 {[%emt 0:00:32]} 69. Qf3 {[%emt 0:00:21]} Qd6 {[%emt 0:01:55]} 70. Qh5+ {[%emt 0:00:22]} 1-0

[Event "Nordic Chess-ch 2019"]
[Site "Sarpsborg"]
[Date "2019.06.27"]
[Round "9.13"]
[White "Cederstam Barsk, Carl"]
[Black "Nilsen, Tobias Lang"]
[Result "1-0"]
[WhiteElo "2334"]
[BlackElo "1986"]
[Annotator "RC"]
[PlyCount "65"]
[EventDate "2019.06.21"]
[EventType "swiss"]
[EventCountry "NOR"]
[SourceTitle "playchess.com"]
[Source "ChessBase"]
[SourceQuality "1"]
[TimeControl "40/5400+30:1800+30"]

1. Nf3 {[%emt 0:00:00]} Nf6 {[%emt 0:00:00]} 2. c4 {[%emt 0:00:00]} c5 {[%emt 0:00:00]} 3. Nc3 {[%emt 0:00:00]} d5 {[%emt 0:00:13]} 4. cxd5 {[%emt 0:00:11]} Nxd5 {[%emt 0:00:07]} 5. g3 {[%emt 0:00:35]} Nc6 {[%emt 0:00:07]} 6. Bg2 {[%emt 0:00:05]} Nc7 {[%emt 0:00:22]} 7. a3 {[%emt 0:07:58]} e5 {[%emt 0:04:38]} 8. b4 {[%emt 0:01:04]} f6 {[%emt 0:15:08]} 9. Rb1 {[%emt 0:24:50]} Be7 {[%emt 0:15:57]} 10. O-O {[%emt 0:09:09]} O-O {[%emt 0:01:37]} 11. bxc5 {[%emt 0:04:31]} Bxc5 {[%emt 0:57:21]} 12. Qc2 {[%emt 0:01:02]} Ne6 {[%emt 0:00:00]} 13. Na4 {[%emt 0:04:59]} Be7 {[%emt 0:00:00]} 14. e3 {[%emt 0:00:09]} f5 {[%emt 0:00:00]} 15. d4 {[%emt 0:00:01]} exd4 {[%emt 0:00:00]} 16. Rd1 {[%emt 0:00:02]} Kh8 {[%emt 0:00:00]} 17. exd4 {[%emt 0:09:22]} Nexd4 {[%emt 0:00:00]} 18. Nxd4 {[%emt 0:00:02]} Nxd4 {[%emt 0:00:00]} 19. Qb2 {[%emt 0:00:39]} Bf6 {[%emt 0:00:00]} 20. Be3 {[%emt 0:00:10]} Bd7 {[%emt 0:00:00]} 21. Rxd4 {[%emt 0:03:37]} Bxd4 {[%emt 0:00:00]} 22. Qxd4 {[%emt 0:00:02]} Bc6 {[%emt 0:00:00]} 23. Bxc6 {[%emt 0:00:48]} bxc6 {[%emt 0:00:00]} 24. Rb7 {[%emt 0:00:35]} Qf6 {[%emt 0:00:00]} 25. Nc5 {[%emt 0:02:41]} Rad8 {[%emt 0:00:00]} 26. Qxf6 {[%emt 0:00:24]} Rxf6 {[%emt 0:00:00]} 27. Rxa7 {[%emt 0:00:27]} h6 {[%emt 0:00:00]} 28. h4 {[%emt 0:02:12]} Rd5 {[%emt 0:00:00]} 29. Nd7 {[%emt 0:08:45]} Rf7 {[%emt 0:00:00]} 30. Ra8+ {[%emt 0:00:10]} Kh7 {[%emt 0:00:00]} 31. Nf8+ {[%emt 0:00:10]} Kg8 {[%emt 0:00:00]} 32. Ng6+ {[%emt 0:00:04]} Kh7 {[%emt 0:00:00]} 33. h5 {[%emt 0:00:10]} 1-0

[Event "Nordic Chess-ch 2019"]
[Site "Sarpsborg"]
[Date "2019.06.27"]
[Round "9.14"]
[White "Sjoberg, Isak"]
[Black "Fernandez, Juan Pablo"]
[Result "1-0"]
[WhiteElo "2222"]
[BlackElo "2066"]
[Annotator "RC"]
[PlyCount "77"]
[EventDate "2019.06.21"]
[EventType "swiss"]
[EventCountry "NOR"]
[SourceTitle "playchess.com"]
[Source "ChessBase"]
[SourceQuality "1"]
[TimeControl "40/5400+30:1800+30"]

1. e4 {[%emt 0:00:25]} c5 {[%emt 0:00:00]} 2. Nf3 {[%emt 0:00:53]} g6 {[%emt 0:00:00]} 3. c3 {[%emt 0:00:19]} Bg7 {[%emt 0:00:00]} 4. d4 {[%emt 0:00:04]} cxd4 {[%emt 0:00:00]} 5. cxd4 {[%emt 0:00:07]} d5 {[%emt 0:00:00]} 6. e5 {[%emt 0:00:10]} Nc6 {[%emt 0:00:07]} 7. Bb5 {[%emt 0:00:05]} Bg4 {[%emt 0:00:14]} 8. Bxc6+ {[%emt 0:00:11]} bxc6 {[%emt 0:00:06]} 9. Nbd2 {[%emt 0:00:05]} f6 {[%emt 0:02:01]} 10. h3 {[%emt 0:05:32]} Bxf3 {[%emt 0:00:21]} 11. Nxf3 {[%emt 0:00:06]} fxe5 {[%emt 0:00:47]} 12. dxe5 {[%emt 0:09:24]} e6 {[%emt 0:01:47]} 13. O-O {[%emt 0:06:02]} Nh6 {[%emt 0:01:58]} 14. Qa4 {[%emt 0:06:01]} Qd7 {[%emt 0:03:58]} 15. Qa3 {[%emt 0:01:19]} Qe7 {[%emt 0:04:48]} 16. Qa6 {[%emt 0:05:01]} O-O {[%emt 0:04:10]} 17. Qxc6 {[%emt 0:03:51]} Rac8 {[%emt 0:06:17]} 18. Qa6 {[%emt 0:00:29]} Nf7 {[%emt 0:04:02]} 19. Bf4 {[%emt 0:05:26]} Rc4 {[%emt 0:03:24]} 20. Bg3 {[%emt 0:01:09]} Rfc8 {[%emt 0:03:31]} 21. b3 {[%emt 0:02:46]} R4c6 {[%emt 0:05:16]} 22. Qa4 {[%emt 0:04:10]} h5 {[%emt 0:04:14]} 23. Rfe1 {[%emt 0:12:01]} Rc3 {[%emt 0:03:22]} 24. Nd4 {[%emt 0:03:50]} Ng5 {[%emt 0:21:47]} 25. Nb5 {[%emt 0:04:55]} Rxg3 {[%emt 0:00:55]} 26. fxg3 {[%emt 0:00:22]} Ne4 {[%emt 0:00:39]} 27. Nd6 {[%emt 0:04:38]} Nxd6 {[%emt 0:00:44]} 28. exd6 {[%emt 0:00:12]} Qxd6 {[%emt 0:00:17]} 29. Rac1 {[%emt 0:00:20]} Rxc1 {[%emt 0:00:30]} 30. Rxc1 {[%emt 0:00:30]} Qxg3 {[%emt 0:00:30]} 31. Qxa7 {[%emt 0:00:30]} d4 {[%emt 0:00:30]} 32. Qa8+ {[%emt 0:00:30]} Kh7 {[%emt 0:00:30]} 33. Qf3 {[%emt 0:00:30]} Qg5 {[%emt 0:00:30]} 34. Rd1 {[%emt 0:00:30]} Be5 {[%emt 0:00:30]} 35. a4 {[%emt 0:00:30]} Bf4 {[%emt 0:00:30]} 36. Rf1 {[%emt 0:00:30]} e5 {[%emt 0:00:30]} 37. g3 {[%emt 0:00:30]} d3 {[%emt 0:00:30]} 38. Kh2 {[%emt 0:00:30]} e4 {[%emt 0:00:30]} 39. gxf4 {[%emt 0:00:30]} 1-0

[Event "Nordic Chess-ch 2019"]
[Site "Sarpsborg"]
[Date "2019.06.27"]
[Round "9.15"]
[White "Thorn, Eric"]
[Black "Unneland, Mathias"]
[Result "1-0"]
[WhiteElo "2230"]
[BlackElo "1980"]
[Annotator "TA"]
[PlyCount "41"]
[EventDate "2019.06.21"]
[EventType "swiss"]
[EventCountry "NOR"]
[SourceTitle "playchess.com"]
[Source "ChessBase"]
[SourceQuality "1"]

{[%evp 19,61,33,44,24,29,22,59,51,74,24,25,22,27,25,104,101,111,107,92,99,75,84,349,291,451,440,445,396,369,345,348,371,355,270,439,452,707,672,650,617,700,422,29987,29988]} 1. d4 Nf6 2. c4 g6 3. Nc3 Bg7 4. e4 d6 5. Nf3 O-O 6. Be2 e5 7. d5 a5 8. Bg5 h6 9. Be3 Ng4 10. Bc1 f5 11. exf5 {E92: King's Indian: Classical: 6 Be2 e5: 7 dxe5, 7 Be3 and Petrosian System without 7...Nbd7} gxf5 12. g3 Na6 13. Nh4 {[#] White is slightly better.} e4 $146 ({Predecessor:} 13... Nc5 14. O-O e4 15. Bxg4 fxg4 16. Be3 Bd7 17. Bxc5 dxc5 18. Nxe4 Bd4 19. Qc2 {½-½ (19) Khenkin,I (2551)-Amin,B (2698) Germany 2017}) 14. Bxg4 (14. Nxe4 $5 fxe4 15. Bxg4 $14) 14... fxg4 15. Be3 Nb4 16. O-O Qf6 (16... Bxc3 $11 17. bxc3 Nd3) 17. a3 $16 Na6 18. Nxe4 Qxb2 {[#]} 19. Qd3 $1 Re8 20. Rfe1 {Bxh6! is the strong threat.} Qe5 $2 {[%mdl 8192] [#]} (20... Bd7 $16 {was necessary.}) 21. Bg5 {Played: Be3-d4} 1-0

[Event "Nordic Chess-ch 2019"]
[Site "Sarpsborg"]
[Date "2019.06.27"]
[Round "9.16"]
[White "Ptacnikova, Lenka"]
[Black "Kreken, Eivind Grunt"]
[Result "0-1"]
[WhiteElo "2145"]
[BlackElo "1784"]
[Annotator "NA"]
[PlyCount "98"]
[EventDate "2019.06.21"]
[EventType "swiss"]
[EventCountry "NOR"]
[SourceTitle "playchess.com"]
[Source "ChessBase"]
[SourceQuality "1"]
[TimeControl "40/5400+30:1800+30"]

1. c4 {[%emt 0:00:00]} c5 {[%emt 0:00:09]} 2. g3 {[%emt 0:00:00]} Nf6 {[%emt 0:00:09]} 3. Bg2 {[%emt 0:00:00]} d5 {[%emt 0:00:09]} 4. cxd5 {[%emt 0:00:00]} Nxd5 {[%emt 0:00:09]} 5. Nc3 {[%emt 0:00:15]} Nc7 {[%emt 0:00:08]} 6. Nf3 {[%emt 0:00:43]} Nc6 {[%emt 0:00:10]} 7. O-O {[%emt 0:00:18]} e5 {[%emt 0:00:08]} 8. b3 {[%emt 0:00:15]} Be7 {[%emt 0:00:44]} 9. Bb2 {[%emt 0:00:12]} Be6 {[%emt 0:04:00] A34: Symmetrical English: 2 Nc3, lines with ...d5} (9... O-O 10. Ne1 Qd7 11. Nd3 b6 12. Bxc6 Qxc6 13. Nxe5 Qe6 14. Nd3 Bb7 15. Nf4 Qd7 16. d3 Rad8 17. f3 {½-½ (30) Maghsoodloo,P (2679)-Esipenko,A (2584) Wijk aan Zee 2019}) 10. Rc1 {[%emt 0:07:35]} f6 {[%emt 0:05:06]} 11. Ne1 {[%emt 0:09:37]} Qd7 {[%emt 0:09:08]} 12. Nd3 {[%emt 0:13:36]} O-O $146 {[%emt 0:02:48]} ({Predecessor:} 12... Rd8 13. Na4 b6 14. f4 Nd4 15. fxe5 Bg4 16. Bxd4 Qxd4+ {1-0 (44) Kosten,A (2524)-Stromer,A (2263) Etang Sale 2000}) 13. f4 {[%emt 0:07:22]} Nb4 {[%emt 0:19:40]} 14. Nxb4 {[%emt 0:05:03]} cxb4 {[%emt 0:00:12]} 15. Na4 {[%emt 0:01:39]} exf4 {[%emt 0:21:51]} 16. gxf4 {[%emt 0:13:53]} Nb5 {[%emt 0:09:34]} 17. Nc5 {[%emt 0:15:53]} Bxc5+ {[%emt 0:00:27]} 18. Rxc5 {[%emt 0:00:04]} Rfd8 {[%emt 0:01:52]} 19. f5 {[%emt 0:01:13]} Bf7 {[%emt 0:00:52]} 20. d3 {[%emt 0:00:52]} Nc3 {[%emt 0:03:22]} 21. Bxc3 {[%emt 0:01:45]} bxc3 {[%emt 0:00:38]} 22. Qe1 {[%emt 0:03:44]} Qd4+ {[%emt 0:01:18]} 23. Qf2 {[%emt 0:00:04]} Qxf2+ {[%emt 0:01:20]} 24. Kxf2 {[%emt 0:00:05]} Rac8 {[%emt 0:01:19]} 25. Rxc8 {[%emt 0:11:10]} Rxc8 {[%emt 0:00:36]} 26. Bxb7 {[%emt 0:00:21]} Rc5 {[%emt 0:01:15]} 27. Rc1 {[%emt 0:04:05]} Rxf5+ {[%emt 0:00:50]} 28. Bf3 {[%emt 0:00:41]} Rc5 {[%emt 0:03:36]} 29. Ke3 {[%emt 0:01:28]} Kf8 {[%emt 0:00:24]} 30. Kd4 {[%emt 0:00:24]} Rc7 {[%emt 0:00:32]} 31. Rxc3 {[%emt 0:00:15]} Rxc3 {[%emt 0:00:10]} 32. Kxc3 {[%emt 0:00:04]} Ke7 {[%emt 0:00:16]} 33. Kb4 {[%emt 0:03:09]} Kd6 {[%emt 0:00:23]} 34. Kb5 {[%emt 0:00:09]} Kc7 {[%emt 0:00:22]} 35. Ka6 {[%emt 0:00:17]} Kb8 {[%emt 0:00:15]} 36. d4 {[%emt 0:00:49]} Be6 {[%emt 0:00:29]} 37. d5 {[%emt 0:00:18]} Bd7 {[%emt 0:00:16]} 38. d6 {[%emt 0:01:00]} g5 {[%emt 0:00:29]} 39. b4 {[%emt 0:00:33]} g4 {[%emt 0:00:18]} 40. Bg2 {[%emt 0:00:27]} h5 {[%emt 0:00:26]} 41. b5 {[%emt 0:30:22]} h4 $18 {[%emt 0:36:00]} 42. b6 {[%emt 0:00:00]} axb6 {[%emt 0:00:00]} 43. Kxb6 {[%emt 0:00:00]} f5 {[%emt 0:00:00]} 44. e3 {[%emt 0:00:00]} Ba4 {[%emt 0:00:00]} 45. Bd5 {[%emt 0:01:05]} g3 {[%emt 0:00:00]} 46. hxg3 {[%emt 0:00:06]} hxg3 {[%emt 0:00:00]} 47. Bb7 {[%emt 0:01:50]} Bd7 {[%emt 0:00:00]} 48. Bg2 {[%emt 0:00:39]} Ba4 {[%emt 0:00:00]} 49. Kc5 {[%emt 0:00:26]} Bc2 {[%emt 0:00:00]} 0-1

[Event "Nordic Chess-ch 2019"]
[Site "Sarpsborg"]
[Date "2019.06.27"]
[Round "9.17"]
[White "Dingertz, Erik"]
[Black "Neretljak, Nedzad"]
[Result "0-1"]
[WhiteElo "1969"]
[BlackElo "2114"]
[Annotator "TA"]
[PlyCount "54"]
[EventDate "2019.06.21"]
[EventType "swiss"]
[EventCountry "NOR"]
[SourceTitle "playchess.com"]
[Source "ChessBase"]
[SourceQuality "1"]

{[%evp 9,54,8,16,9,14,-16,18,5,16,0,49,54,84,85,67,81,71,63,64,71,103,102,102,103,107,41,110,100,174,172,182,181,168,120,130,0,0,0,0,-293,-291,-282,-276,-239,-280,-339,-281]} 1. c4 c5 2. g3 b6 3. Bg2 Nc6 {[%cal Bb8c6,Bc6d4,Bd4e2][%mdl 32]} 4. Nc3 Bb7 5. d3 g6 6. e4 {A36: Symmetrical English vs ...g6: 4 Bg2 Bg7} Bg7 7. f4 (7. Nge2 e6 8. Be3 Nge7 9. d4 d6 10. O-O O-O 11. b3 {½-½ (11) Djurovic,G (2398)-Sulava,N (2459) Sibenik 2016}) 7... Nd4 8. Nge2 {The position is equal.} d6 9. Be3 Nxe2 (9... Qd7 {is interesting.} 10. O-O Nh6 11. h3 f5 12. Rb1 O-O) 10. Qxe2 e6 11. O-O $146 {[%mdl 2048] Keeping Black busy.} ({Predecessor:} 11. Rd1 Ne7 12. d4 {1-0 (44) Rogule,L (2221)-Wilman,C (2044) Leon 2001}) 11... Ne7 12. f5 {f6 is the strong threat.} Nc6 13. fxe6 fxe6 14. Qg4 Qd7 15. Bh3 Bd4 16. Bxd4 Nxd4 17. Rf6 (17. Nb5 $16) 17... O-O-O (17... Rf8 $1 $14 18. Raf1 Rxf6 19. Rxf6 Qe7) 18. Raf1 Rhe8 (18... Kb8 $16) 19. Qg5 $18 Re7 {[#]} 20. Nd5 $1 {[%mdl 512]} Rg7 (20... exd5 21. Bxd7+) 21. Nf4 Re8 22. Nxe6 (22. Qh6 $16 Rge7 {[#]} 23. Nd5 $1 {[%mdl 512]}) 22... Nxe6 $11 23. Rxe6 {[%mdl 64] Remove Defender} Rxe6 24. Rf8+ $2 {[%mdl 8192]} (24. Rf6 $1 $11 {and White stays safe.} Rge7 25. Rxe6 Rxe6 26. Qg4) 24... Kc7 $19 25. Bxe6 Qxe6 26. Qd8+ Kc6 27. Rf6 Qe7 {Accuracy: White = 48%, Black = 37%.} 0-1

[Event "Nordic Chess-ch 2019"]
[Site "Sarpsborg"]
[Date "2019.06.27"]
[Round "9.18"]
[White "Rishovd, Svein"]
[Black "Stellas, Dimitrios"]
[Result "1/2-1/2"]
[WhiteElo "2113"]
[BlackElo "1976"]
[Annotator "NA"]
[PlyCount "144"]
[EventDate "2019.06.21"]
[EventType "swiss"]
[EventCountry "NOR"]
[SourceTitle "playchess.com"]
[Source "ChessBase"]
[SourceQuality "1"]
[TimeControl "40/5400+30:1800+30"]

1. c4 {[%emt 0:00:00]} e6 {[%emt 0:00:10]} 2. g3 {[%emt 0:00:30]} d5 {[%emt 0:00:32]} 3. Bg2 {[%emt 0:01:05]} Nf6 {[%emt 0:00:49]} 4. Nf3 {[%emt 0:00:31]} Be7 {[%emt 0:00:34]} 5. O-O {[%emt 0:00:52]} O-O {[%emt 0:00:21]} 6. d4 {[%emt 0:03:16]} b6 {[%emt 0:01:52]} 7. cxd5 {[%emt 0:01:51]} exd5 {[%emt 0:00:18]} 8. Nc3 {[%emt 0:00:39]} Bb7 {[%emt 0:00:49]} 9. Bf4 {[%emt 0:01:59]} Na6 {[%emt 0:01:24]} 10. Qa4 {[%emt 0:08:50] E18: Queen's Indian: Old Main Line (4 g3 Bb7 5 Bg2 Be7 6 0-0 0-0 7 Nc3)} (10. Rc1 c5 11. Ne5 Rb8 12. e3 h6 13. Ng4 Ra8 14. dxc5 Nxc5 15. Nxf6+ Bxf6 16. Nxd5 Bxb2 17. Rc2 Ba3 18. Bc7 Qe8 19. Bd6 Rd8 20. Bxf8 Kxf8 21. Rd2 Ne4 22. Rd4 Nd6 23. Qd3 Bc5 24. Qh7 f6 25. Rg4 {1-0 (25) Rodshtein,M (2699)-Colin,V (2383) Brest 2019}) 10... c5 {[%emt 0:04:42]} 11. Rfd1 {[%emt 0:02:08]} Nc7 $146 {[%emt 0:05:37]} ({Predecessor:} 11... Qe8 12. Qb3 c4 13. Qc2 Nb4 14. Qb1 Rd8 15. Ne5 Nc6 16. b3 Bd6 17. Nxc6 Qxc6 {1-0 (24) De Marchi,O (2256)-Duffau,P (2040) Creon 2006}) 12. dxc5 {[%emt 0:06:26]} bxc5 {[%emt 0:01:30]} 13. Ne5 {[%emt 0:02:24]} Ne6 {[%emt 0:11:22]} 14. Nc6 {[%emt 0:08:30]} Bxc6 {[%emt 0:00:47]} 15. Qxc6 {[%emt 0:00:35]} Nxf4 {[%emt 0:07:03]} 16. gxf4 {[%emt 0:00:26]} Rc8 {[%emt 0:03:33]} 17. Qa6 {[%emt 0:02:11]} Qd6 {[%emt 0:06:09]} 18. Qxd6 {[%emt 0:04:47]} Bxd6 {[%emt 0:00:15]} 19. Nxd5 {[%emt 0:06:20]} Nxd5 {[%emt 0:01:30]} 20. Rxd5 {[%emt 0:01:25]} Bxf4 {[%emt 0:01:02]} 21. e3 {[%emt 0:00:15]} Bc7 {[%emt 0:02:31]} 22. Bh3 {[%emt 0:02:15]} Rfd8 {[%emt 0:01:16]} 23. Rad1 {[%emt 0:06:29]} Rb8 {[%emt 0:02:00]} 24. b3 {[%emt 0:00:30]} Bb6 {[%emt 0:01:01]} 25. Bd7 {[%emt 0:01:45]} Kf8 {[%emt 0:03:03]} 26. Kf1 {[%emt 0:02:56]} Rb7 {[%emt 0:03:15]} 27. Ke2 {[%emt 0:00:17]} g6 {[%emt 0:01:48]} 28. h3 {[%emt 0:06:16]} Ke7 {[%emt 0:02:35]} 29. Bc6 {[%emt 0:00:21]} Rxd5 {[%emt 0:00:49]} 30. Rxd5 {[%emt 0:00:33]} Rc7 {[%emt 0:03:52]} 31. Bb5 {[%emt 0:00:34]} Ke6 {[%emt 0:05:01]} 32. Bc4 {[%emt 0:05:29]} Ke7 {[%emt 0:00:49]} 33. e4 {[%emt 0:01:52]} f6 {[%emt 0:01:21]} 34. Bb5 {[%emt 0:00:20]} g5 {[%emt 0:03:29]} 35. Kf3 {[%emt 0:05:59]} Kf7 {[%emt 0:02:40]} 36. Kg4 {[%emt 0:01:23]} Kg6 {[%emt 0:01:39]} 37. Be8+ {[%emt 0:00:24]} Kg7 {[%emt 0:00:21]} 38. Bb5 {[%emt 0:06:48]} Kg6 {[%emt 0:02:09]} 39. f4 {[%emt 0:01:49]} gxf4 {[%emt 0:01:27]} 40. Kxf4 {[%emt 0:01:21]} Re7 {[%emt 0:03:06]} 41. Kf3 {[%emt 0:09:06]} Re5 {[%emt 0:08:44]} 42. Rd1 {[%emt 0:01:49]} Kg5 {[%emt 0:08:19]} 43. Bd7 {[%emt 0:05:47]} Kh6 $14 {[%emt 0:02:50]} 44. Bf5 {[%emt 0:01:40]} Re7 {[%emt 0:00:28]} 45. Rd6 {[%emt 0:01:55]} Kg7 {[%emt 0:00:18]} 46. Kg4 {[%emt 0:00:36]} Ba5 {[%emt 0:01:47]} 47. Be6 {[%emt 0:01:52]} Kg6 {[%emt 0:02:01]} 48. Rc6 {[%emt 0:00:35]} h5+ {[%emt 0:00:51]} 49. Kf3 {[%emt 0:00:05]} Bb4 {[%emt 0:00:44]} 50. Bf5+ {[%emt 0:00:15]} Kg5 {[%emt 0:01:24]} 51. Rc8 {[%emt 0:00:46]} Rg7 {[%emt 0:00:34]} 52. Rh8 {[%emt 0:02:26]} Kh4 {[%emt 0:00:21]} 53. Bg4 {[%emt 0:03:26]} Rg5 {[%emt 0:01:38]} 54. Rh7 {[%emt 0:00:55]} a5 {[%emt 0:00:28]} 55. Ke3 {[%emt 0:02:34]} Kg3 {[%emt 0:02:11]} 56. Bxh5 {[%emt 0:00:45]} Kxh3 {[%emt 0:00:06]} 57. Bf3+ {[%emt 0:02:37]} Kg3 {[%emt 0:00:29]} 58. Rh1 {[%emt 0:00:26]} Bd2+ {[%emt 0:02:13]} 59. Kxd2 {[%emt 0:02:46]} Kxf3 {[%emt 0:00:16]} 60. Kd3 {[%emt 0:00:09]} Kf4 {[%emt 0:01:03]} 61. Rf1+ {[%emt 0:03:18]} Ke5 {[%emt 0:00:03]} 62. a4 {[%emt 0:00:33]} Rg3+ {[%emt 0:05:59]} 63. Kc4 {[%emt 0:00:08]} Re3 {[%emt 0:01:02]} 64. Rf5+ {[%emt 0:00:50]} Ke6 {[%emt 0:00:05]} 65. Rxc5 {[%emt 0:01:05]} Rxe4+ {[%emt 0:00:28]} 66. Kd3 {[%emt 0:00:39]} Re5 {[%emt 0:00:24]} 67. Rc8 {[%emt 0:01:39]} Rh5 {[%emt 0:01:43]} 68. Ra8 {[%emt 0:00:35]} Rd5+ {[%emt 0:01:57]} 69. Kc4 {[%emt 0:00:17]} Re5 {[%emt 0:00:23]} 70. Kd4 {[%emt 0:01:00]} Rd5+ {[%emt 0:00:15]} 71. Kc4 {[%emt 0:00:08]} Re5 {[%emt 0:00:46]} 72. Kd4 {[%emt 0:00:14]} Rd5+ {[%emt 0:00:35]} 1/2-1/2